00996nam a2200205 4500001000700000003000900007005001700016007000300033008004100036245013300077260017600210300002200386490006000408700003000468710005400498830006800552852003100620999001900651952012000670143177ES-MaACL20230906200738.0t|070214s1925 sp r ||||1| spa d00aCartulario de San Pedro de Arlanza, antiguo monasterio benedictino /cpublicado por D. Luciano Serrano, O. S. B., Abad de SIlos. aMadrid : bJunta para Ampliación de Estudios e Investigaciones Científicas, Centro de Estudios Históricos, c1925 (eBurgos : fImp. de Rafael Ibáñez de Aldecoa) a299 p. ; c25 cm.1 aPublicaciones de la Junta para Ampliación de Estudios1 aSerrano, Luciano.91057042 aCentro de Estudios Históricos (1910-1939)926380 aPublicaciones de la Junta para Ampliación de Estudios9220547 aES-MaACLjA-5166 bR.18146 c143177d143177 00104070aATENEOMbATENEOMcSPP1d2008-01-17eSCl0oA-5166p1148965r2023-02-23 00:00:00w2023-02-23yMONOGRAFIA